000 00445nam a2200181Ia 4500
001 14877
005 20260306164946.0
008 260306t2000||||xx |||||||||||||| ||spa||
041 _aESP
082 _a519.5
_bF83E 2000
100 _aFreund, John E.
_eAUT
245 0 _aEstadística matemática con aplicaciones
260 _c2000
300 _axiv, 624 páginas :
_c23 cm.
650 _aGEN
654 _aCMA
942 _cLIB
_dJUS
_fJUS
_2ddc
_n
999 _c14877
_d14877